Character by Death in the Better Call Saul Cinematic Universe - Statistics

General Stats
  • This quiz has been taken 1,262 times
  • The average score is 20 of 25
Answer Stats
Hint Answer % Correct
Suicide by kerosene lamp in the wreckage of his own living room. Charles "Chuck" McGill
93%
Had the right side of his face blown off by a pipe bomb connected to a front desk service bell. Gustavo Fring
92%
Blew himself up with a pipe bomb under his wheelchair connected to a front desk service bell. Hector Salamanca
91%
Shot in the head by Lalo in Jimmy and Kim's apartment. Howard Hamlin
91%
Died of a drug overdose, asphyxiating on her own vomit. Jane Margolis
91%
Shot in the gut for not giving Walt the names of his men, and bled out next to a river. Mike Ehrmantrout
90%
Strangled with a bike lock by Walter in Jesse's basement. Domingo "Krazy Eight" Molina
89%
Shot himself in the head to protect his father. Ignacio "Nacho" Varga
89%
Shot in the head by Hank in a shootout outside a desert hideout. Tuco Salamanca
89%
Shot by Gus in the underground meth lab construction site. Eduardo "Lalo" Salamanca
88%
Shot once in the head after a shootout with Jack Welker's gang after trying to recover his brother-in-law's money. Hank Schrader
87%
Shot in the face at his front door by Jesse to save Walter. Gale Boetticher
86%
Shot by his own remote activated M60, and died on the floor of a meth lab. Walter "Heisenberg" White
84%
Strangled by Jesse with his shackles. Todd Alquist
80%
Poisoned by ricin put into her Stevia sweetener. Lydia Rodarte-Quayle
79%
Shot several times in a shootout with Jack Welker's gang in the desert while trying to recover evidence against Walt. Steven Gomez
78%
Shot in the head by Walt after also being shot repeatedly by a remote activated M60. Jack Welker
76%
Shot by Tomas Cantillo in the street for selling in rival territory. Christian "Combo" Ortega
74%
Throat slit by Gus with a boxcutter for being spotted at a crime scene. Victor
74%
Shot by Mike for attempting to have a spa weekend with his wife. Werner Ziegler
74%
Poisoned at his hacienda's poolside by poisoned tequila. Don Eladio Vuente
72%
Had his head cut off by a machete by the twins for being a DEA informant, and placed on the back of a tortoise. Tortuga
71%
Shot in the head by Todd to punish Jesse. Andrea Cantillo
64%
Shot repeatedly by federales who were lured to his home by Gus. Juan Bolsa
53%
Killed by Todd because she found hidden money in his apartment while cleaning. Todd forced Jesse to help him dispose of the body. Sonia the housekeeper
28%
No matching quizzes found
Score Distribution
Percent of People with Each Score
Percentile by Number Answered
Your Score History
You have not taken this quiz